[Event "46th POL-ch (w)"]
[Site "Gdansk POL"]
[Date "1994.03.??"]
[Round "9"]
[White "Kaczorowska, Barbara"]
[Black "Krynicka, Jolanta"]
[Result "1/2-1/2"]
[WhiteElo "2235"]
[BlackElo "2150"]
[EventDate "1994.03.13"]
[PlyCount "93"]

1.b4 d5 2.Bb2 Nf6 3.Nf3 e6 4.a3 c5 5.bxc5 Bxc5 6.e3 Nc6 7.d4 Bb6 8.Nbd2 
O-O 9.Bd3 Bc7 10.O-O b6 11.c4 Bb7 12.Rc1 Na5 13.Qe2 dxc4 14.Nxc4 Nxc4 15.
Rxc4 Rc8 16.Rfc1 h6 17.R4c2 Qd6 18.e4 Qe7 19.Nd2 Bb8 20.g3 Rxc2 21.Rxc2 
Rc8 22.Nc4 Qd8 23.f4 b5 24.Ne5 a6 25.Kf2 Ba7 26.Rxc8 Qxc8 27.Ke3 Qc7 28.
Qc2 Qxc2 29.Bxc2 Kf8 30.Bc3 Ke8 31.Bb4 h5 32.Bc5 Bb8 33.h3 Nd7 34.Nxd7 
Kxd7 35.g4 hxg4 36.hxg4 Bd6 37.Bxd6 Kxd6 38.e5+ Kd7 39.Bb3 a5 40.f5 Bc6 
41.g5 Bd5 42.Bc2 exf5 43.Bxf5+ Ke7 44.Kd3 b4 45.axb4 axb4 46.Bc8 f6 47.
exf6+ 1/2-1/2

[Event "46th POL-ch (w)"]
[Site "Gdansk POL"]
[Date "1994.03.??"]
[Round "9"]
[White "Leszner, Liliana"]
[Black "Guzkowska, Magdalena"]
[Result "1-0"]
[WhiteElo "2190"]
[BlackElo "2105"]
[EventDate "1994.03.13"]
[PlyCount "121"]

1.e4 c5 2.Nc3 Nc6 3.g3 g6 4.Bg2 Bg7 5.d3 e6 6.Be3 Qa5 7.Qd2 Nd4 8.f4 d6 9.
Nf3 Ne7 10.O-O Nec6 11.Ne1 O-O 12.Qf2 Rb8 13.Nd1 Bd7 14.c3 Nb3 15.Rb1 Qxa2
16.Qc2 b5 17.f5 Rfc8 18.f6 Bf8 19.Nf2 b4 20.Nf3 bxc3 21.Qxc3 Ncd4 22.Qe1 
Nc2 23.Qe2 Nbd4 24.Nxd4 cxd4 25.Bg5 Rxb2 26.Rxb2 Qxb2 27.Ng4 Rb8 28.Bc1 
Qc3 29.Nh6+ Bxh6 30.Bxh6 Rb2 31.Bc1 Rb3 32.Qg4 Qc5 33.Qf4 Qc8 34.Qxd6 Rxd3
35.Bh6 Rb3 36.Rc1 Rb6 37.Qe7 d3 38.Bf1 Rb3 39.Qd6 Bb5 40.Bh3 Bc4 41.Bf1 
Qb8 42.Qd7 Bb5 43.Qe7 a5 44.Qc5 e5 45.Bh3 Qe8 46.Be6 Rb4 47.Bd5 a4 48.Rxc2
dxc2 49.Qxb4 Bd7 50.Qc4 c1=Q+ 51.Qxc1 Qb8 52.Qc4 Qb1+ 53.Kf2 Qb6+ 54.Ke1 
Qxf6 55.Qc7 Qe7 56.Qb8+ Qe8 57.Qxe8+ Bxe8 58.Kd2 Bd7 59.Kc3 Be8 60.Kb4 Bd7
61.Kc5 1-0

[Event "46th POL-ch (w)"]
[Site "Gdansk POL"]
[Date "1994.03.??"]
[Round "9"]
[White "Grochot, Czeslawa"]
[Black "Blimke, Dalia"]
[Result "1/2-1/2"]
[WhiteElo "2170"]
[BlackElo "2085"]
[EventDate "1994.03.13"]
[PlyCount "106"]

1.e4 c5 2.Nf3 Nc6 3.d4 cxd4 4.Nxd4 Qc7 5.Nc3 e6 6.Be3 a6 7.Bd3 Nf6 8.O-O 
Ne5 9.h3 Bc5 10.Kh1 d6 11.Be2 O-O 12.f4 Ng6 13.f5 exf5 14.exf5 Ne5 15.Bg5 
Ned7 16.Bf3 Re8 17.a3 Rb8 18.Nb3 Be3 19.Bh4 b5 20.Nd5 Nxd5 21.Bxd5 Nb6 22.
c3 Nxd5 23.Qxd5 Bb7 24.Qd1 Qc6 25.Qc2 Qc4 26.Bg3 Be4 27.Qd1 Qc6 28.Qe2 Bb6
29.Nd4 Bxd4 30.cxd4 Bxf5 31.Qf2 Bg6 32.Rac1 Qd7 33.Qf4 Re6 34.Qd2 Rbe8 35.
Qb4 Bd3 36.Rf2 Bc4 37.Kh2 Rg6 38.a4 Qe6 39.Qa5 h6 40.axb5 Qe3 41.Rc3 Qxd4 
42.bxa6 d5 43.Qc7 Re1 44.Qxf7+ Kh7 45.a7 Qd1 46.Qxg6+ Kxg6 47.Bb8 Rh1+ 48.
Kg3 Qh5 49.Bf4 Kh7 50.a8=Q Qg6+ 51.Kf3 Qe4+ 52.Kg3 Qg6+ 53.Kf3 Qe4+ 
1/2-1/2

[Event "46th POL-ch (w)"]
[Site "Gdansk POL"]
[Date "1994.03.??"]
[Round "10"]
[White "Blimke, Dalia"]
[Black "Leszner, Liliana"]
[Result "1-0"]
[WhiteElo "2085"]
[BlackElo "2190"]
[EventDate "1994.03.13"]
[PlyCount "125"]

1.e4 d6 2.d4 Nf6 3.Nc3 g6 4.f4 Bg7 5.Nf3 O-O 6.Be2 Na6 7.O-O c5 8.e5 dxe5 
9.dxe5 Ng4 10.h3 Nh6 11.Bxa6 bxa6 12.Be3 Qa5 13.Qd5 Rb8 14.Rab1 Bf5 15.
Qxc5 Qxc5 16.Bxc5 Bxc2 17.Rbc1 Rfc8 18.Bxe7 Bf5 19.b3 Be6 20.Nd4 Nf5 21.
Nxf5 Bxf5 22.Bd6 Rb7 23.Nd5 Rxc1 24.Rxc1 Bf8 25.Nf6+ Kg7 26.Bxf8+ Kxf8 27.
Nxh7+ Kg7 28.Nf6 Be6 29.Rc6 a5 30.Ra6 g5 31.Rxa5 Kg6 32.fxg5 Kxg5 33.Ne4+ 
Kf4 34.Nc5 Rc7 35.Nxe6+ fxe6 36.Kh2 Rd7 37.Rc5 Rd2 38.a4 Rd3 39.b4 Rd4 40.
Rb5 a6 41.Rb6 Kxe5 42.Rxa6 Rxb4 43.a5 Ra4 44.Ra8 Ke4 45.a6 e5 46.a7 Ra3 
47.h4 Ke3 48.Re8 Rxa7 49.Rxe5+ Kf4 50.Rg5 Ra2 51.Kh3 Ra1 52.g3+ Kf3 53.
Rf5+ Ke4 54.Kg4 Ra3 55.Rb5 Ra4 56.h5 Ke3+ 57.Kg5 Kf3 58.Rb3+ Ke4 59.g4 
Ra5+ 60.Kh4 Kf4 61.Rb1 Ke5 62.Rf1 Ke6 63.h6 1-0

[Event "46th POL-ch (w)"]
[Site "Gdansk POL"]
[Date "1994.03.??"]
[Round "10"]
[White "Henc, Renata"]
[Black "Bednarska, Malgorzata"]
[Result "0-1"]
[WhiteElo "2210"]
[BlackElo "2235"]
[EventDate "1994.03.13"]
[PlyCount "90"]

1.d4 d5 2.Nf3 c6 3.Bf4 Nf6 4.e3 Qb6 5.Qc1 Bf5 6.c4 e6 7.Nc3 Nbd7 8.Be2 h6 
9.Ne5 Be7 10.O-O O-O 11.a3 a5 12.c5 Qd8 13.b4 axb4 14.axb4 Nxe5 15.Bxe5 
Nd7 16.Bg3 b5 17.Qb2 f6 18.Ra2 Rxa2 19.Qxa2 Qa8 20.Ra1 Qxa2 21.Rxa2 e5 22.
Ra7 Re8 23.Bh5 g6 24.Bxg6 Bxg6 25.Rxd7 exd4 26.Nd1 Bc2 27.Nb2 Bf8 28.Bh4 
Ra8 29.Kf1 Ra2 30.Bxf6 Rxb2 31.Bxd4 Bd3+ 32.Ke1 Re2+ 33.Kd1 Rxf2 34.Rc7 
Rxg2 35.Rxc6 Rxh2 36.Rc8 Kf7 37.Rd8 h5 38.Rxd5 h4 39.Be5 Rh1+ 40.Kd2 Be4 
41.Rd4 Bc6 42.Rf4+ Ke8 43.Rf6 Bd7 44.Rb6 h3 45.Ke2 h2 0-1

[Event "46th POL-ch (w)"]
[Site "Gdansk POL"]
[Date "1994.03.??"]
[Round "10"]
[White "Guzkowska, Magdalena"]
[Black "Dabrowska, Krystyna"]
[Result "1-0"]
[WhiteElo "2105"]
[BlackElo "2300"]
[EventDate "1994.03.13"]
[PlyCount "81"]

1.c4 c5 2.g3 Nf6 3.Nc3 e6 4.Bg2 Be7 5.Nf3 O-O 6.O-O a6 7.d4 cxd4 8.Nxd4 
Qc7 9.Qd3 Nc6 10.Nxc6 bxc6 11.e4 e5 12.b3 Rd8 13.h3 d6 14.Be3 Bb7 15.Na4 
Nd7 16.Qc3 c5 17.Qd2 Nf8 18.Nc3 Ne6 19.f4 Nd4 20.f5 f6 21.g4 Bc6 22.g5 Rf8
23.h4 a5 24.Qd1 Bd8 25.Rb1 Ra7 26.Kh2 Qd7 27.Ne2 a4 28.g6 h6 29.b4 Ba8 30.
b5 a3 31.Ng3 Bb6 32.Nh5 Rb8 33.Bxh6 Qd8 34.Be3 Kf8 35.Ng3 Ke7 36.h5 Qc7 
37.h6 gxh6 38.Nh5 Qd8 39.Qg4 Qg8 40.Bxh6 Qxc4 41.Qh4 1-0

[Event "46th POL-ch (w)"]
[Site "Gdansk POL"]
[Date "1994.03.??"]
[Round "10"]
[White "Lukasiewicz, Anna"]
[Black "Zielinska, Marta"]
[Result "0-1"]
[WhiteElo "2170"]
[BlackElo "2170"]
[EventDate "1994.03.13"]
[PlyCount "90"]

1.d4 Nf6 2.Nf3 g6 3.Bg5 Bg7 4.Nbd2 d5 5.e3 O-O 6.Be2 Nbd7 7.O-O Re8 8.h3 
c5 9.c3 Qb6 10.Qb3 h6 11.Bf4 Qd8 12.Ne5 e6 13.Bh2 Nxe5 14.Bxe5 Nd7 15.Bxg7
Kxg7 16.e4 Nf6 17.dxc5 Qc7 18.exd5 exd5 19.Bb5 Re7 20.Qb4 Bf5 21.Qd4 a6 
22.Ba4 Rb8 23.Bb3 Rc8 24.Bxd5 Rd7 25.c4 Rcd8 26.g4 Rxd5 27.cxd5 Rxd5 28.
Qb4 Bd3 29.Rfe1 Rxc5 30.Qd4 Bb5 31.Ne4 Rc6 32.Rac1 Rxc1 33.Qxf6+ Kh7 34.
Rxc1 Qxc1+ 35.Kg2 Qc7 36.Nd6 Bc6+ 37.f3 Kg8 38.h4 Bb5 39.h5 g5 40.Qxh6 
Qc2+ 41.Kg3 Qd2 42.Ne4 Qe1+ 43.Kg2 Qe2+ 44.Nf2 Qf1+ 45.Kg3 Qg1+ 0-1

[Event "46th POL-ch (w)"]
[Site "Gdansk POL"]
[Date "1994.03.??"]
[Round "10"]
[White "Sadkiewicz, Joanna"]
[Black "Kaczorowska, Barbara"]
[Result "1/2-1/2"]
[WhiteElo "2225"]
[BlackElo "2235"]
[EventDate "1994.03.13"]
[PlyCount "55"]

1.e4 c6 2.d4 d5 3.Nd2 Qb6 4.c3 dxe4 5.Nxe4 Bf5 6.Bd3 e6 7.Nf3 Nd7 8.Qc2 
Bxe4 9.Bxe4 Ngf6 10.Bd3 Be7 11.O-O c5 12.Bg5 cxd4 13.Nxd4 h6 14.Bh4 O-O 
15.Rfe1 Bc5 16.Nb3 Bd6 17.Rad1 Rac8 18.Qe2 Qc7 19.Bg3 Bxg3 20.hxg3 Nc5 21.
Nd4 Nxd3 22.Rxd3 Rfd8 23.Red1 Qb6 24.Nb3 Rxd3 25.Qxd3 Ng4 26.Qd4 Qxd4 27.
Rxd4 Ne5 28.Nd2 1/2-1/2

[Event "46th POL-ch (w)"]
[Site "Gdansk POL"]
[Date "1994.03.??"]
[Round "10"]
[White "Bobrowska, Monika"]
[Black "Lewandowska, Katarzyna"]
[Result "1-0"]
[WhiteElo "2165"]
[BlackElo "2130"]
[EventDate "1994.03.13"]
[PlyCount "80"]

1.d4 f5 2.g3 Nf6 3.Bg2 g6 4.Nh3 Bg7 5.Nf4 O-O 6.h4 d6 7.d5 Qe8 8.O-O Na6 
9.Re1 Nc5 10.c4 Nfe4 11.Nd2 e5 12.dxe6 Bxe6 13.Nxe4 fxe4 14.Qc2 Bf5 15.Be3
Qe5 16.Rab1 Ne6 17.Nxe6 Qxe6 18.b4 c6 19.Red1 Rfd8 20.Qb3 d5 21.cxd5 cxd5 
22.Rbc1 Rd7 23.Bd4 Bh6 24.Rc5 b6 25.Rc3 Rdd8 26.e3 Bg7 27.Bxg7 Kxg7 28.
Rc7+ Kh6 29.Qa4 a5 30.Rc6 axb4 31.Qb5 Qd7 32.Qxb6 Rxa2 33.Rc7 Qd6 34.Qb7 
Rd7 35.Rxd7 Qxd7 36.Qxb4 Ra8 37.Bxe4 Bxe4 38.Qxe4 dxe4 39.Rxd7 g5 40.hxg5+
Kxg5 1-0

[Event "46th POL-ch (w)"]
[Site "Gdansk POL"]
[Date "1994.03.??"]
[Round "10"]
[White "Krynicka, Jolanta"]
[Black "Grochot, Czeslawa"]
[Result "1-0"]
[WhiteElo "2150"]
[BlackElo "2170"]
[EventDate "1994.03.13"]
[PlyCount "65"]

1.Nf3 Nf6 2.g3 g6 3.Bg2 Bg7 4.O-O O-O 5.d3 d6 6.c4 e5 7.Nc3 Nc6 8.Rb1 a5 
9.a3 h6 10.b4 axb4 11.axb4 Be6 12.b5 Ne7 13.Bb2 Qd7 14.Qc2 Bh3 15.Ra1 Rab8
16.Rfc1 Bxg2 17.Kxg2 Nh5 18.Qb3 Kh7 19.Nd5 f5 20.Ra7 g5 21.Ba3 e4 22.Nd2 
exd3 23.Qxd3 Nxd5 24.cxd5 Ra8 25.Rxb7 Rfc8 26.b6 Kh8 27.Rcxc7 Qa4 28.Bxd6 
Rd8 29.Nc4 Rxd6 30.Nxd6 Qg4 31.e3 f4 32.Nf7+ Kg8 33.Nxh6+ 1-0

[Event "46th POL-ch (w)"]
[Site "Gdansk POL"]
[Date "1994.03.??"]
[Round "11"]
[White "Bednarska, Malgorzata"]
[Black "Lukasiewicz, Anna"]
[Result "1-0"]
[WhiteElo "2235"]
[BlackElo "2170"]
[EventDate "1994.03.13"]
[PlyCount "84"]

1.e4 e5 2.Nf3 Nc6 3.Bb5 Nf6 4.O-O Bc5 5.c3 Bb6 6.d4 Nxe4 7.Qe2 f5 8.dxe5 
O-O 9.Nbd2 d5 10.exd6 Nxd6 11.Bxc6 bxc6 12.Nc4 Re8 13.Nce5 Qf6 14.Bg5 Qf8 
15.Qc2 Be6 16.Rad1 f4 17.Qa4 c5 18.Bxf4 c4 19.Bg3 Ne4 20.Nxc4 Nxg3 21.hxg3
Qc5 22.Nce5 Red8 23.Qc6 Qxc6 24.Nxc6 Rxd1 25.Rxd1 Bxa2 26.Rd7 Re8 27.Nfe5 
Bb3 28.Kf1 Be6 29.Rd2 Bf5 30.Ne7+ Kf8 31.Nxf5 Rxe5 32.Nd4 Kf7 33.f3 Rd5 
34.Ke2 Re5+ 35.Kf1 Rd5 36.Ke2 Re5+ 37.Kd1 Rg5 38.g4 Ra5 39.Kc2 Re5 40.Nc6 
Re6 41.Nd8+ Ke7 42.Nxe6 Kxe6 1-0

[Event "46th POL-ch (w)"]
[Site "Gdansk POL"]
[Date "1994.03.??"]
[Round "11"]
[White "Dabrowska, Krystyna"]
[Black "Blimke, Dalia"]
[Result "1/2-1/2"]
[WhiteElo "2300"]
[BlackElo "2085"]
[EventDate "1994.03.13"]
[PlyCount "112"]

1.e4 c5 2.Nf3 e6 3.d4 cxd4 4.Nxd4 a6 5.Nc3 Qc7 6.g3 Bb4 7.Ne2 Nf6 8.Bg2 
Be7 9.O-O Nc6 10.f4 O-O 11.h3 b5 12.a3 Bb7 13.g4 d5 14.e5 Nd7 15.Be3 Nb6 
16.Bxb6 Qxb6+ 17.Kh1 a5 18.Nc1 b4 19.axb4 axb4 20.Rxa8 Rxa8 21.N3e2 Ba6 
22.Rf3 Qa7 23.Nb3 Bxe2 24.Qxe2 Nd4 25.Nxd4 Qxd4 26.c3 Ra1+ 27.Bf1 Qe4 28.
Kg2 Rb1 29.Qxe4 dxe4 30.Rf2 bxc3 31.bxc3 Rc1 32.c4 e3 33.Rb2 Rd1 34.Be2 
Rd2 35.Rb8+ Rd8 36.Rb7 Bc5 37.Rc7 Bb6 38.Rc6 Bd4 39.c5 Kf8 40.Rc7 Rd5 41.
Rc8+ Ke7 42.c6 Bb6 43.c7 Rc5 44.Rg8 Rxc7 45.Rxg7 Rc1 46.Rxh7 Re1 47.Kf3 
Rh1 48.g5 Kf8 49.Rh8+ Kg7 50.Rb8 Bd4 51.Rb4 Bc3 52.Re4 Rxh3+ 53.Kg4 Rh1 
54.Rxe3 Be1 55.Bc4 Rh4+ 56.Kf3 Rh3+ 1/2-1/2

[Event "46th POL-ch (w)"]
[Site "Gdansk POL"]
[Date "1994.03.??"]
[Round "11"]
[White "Kaczorowska, Barbara"]
[Black "Henc, Renata"]
[Result "1-0"]
[WhiteElo "2235"]
[BlackElo "2210"]
[EventDate "1994.03.13"]
[PlyCount "122"]

1.Nf3 Nf6 2.g3 d5 3.Bg2 Bg4 4.c4 c6 5.Ne5 Bh5 6.cxd5 cxd5 7.Qa4+ Nbd7 8.g4
Qc7 9.Nc3 Qxe5 10.d4 Qc7 11.gxh5 e6 12.Bf3 a6 13.Bg5 Rc8 14.e3 Qb6 15.Qb3 
Qxb3 16.axb3 Bb4 17.Ke2 h6 18.Bf4 O-O 19.Rac1 Rc6 20.Rhg1 Kh8 21.Kd3 Rfc8 
22.Na2 Be7 23.Rc3 Ne4 24.Bxe4 dxe4+ 25.Kxe4 Nf6+ 26.Kd3 Nxh5 27.Be5 f6 28.
Bg3 Rxc3+ 29.Nxc3 Kg8 30.e4 Rd8 31.Bc7 Rd7 32.Bb6 Bd6 33.Ne2 Kf7 34.h3 g5 
35.Rc1 f5 36.f3 fxe4+ 37.fxe4 Ke7 38.Rc8 Nf6 39.Rh8 h5 40.Ke3 e5 41.d5 Kf7
42.Ng3 Kg6 43.Bd8 Bc5+ 44.Kf3 g4+ 45.hxg4 hxg4+ 46.Kg2 Bd4 47.Bxf6 Kxf6 
48.Nf5 Bxb2 49.Kg3 Rc7 50.Kxg4 Bc1 51.Rf8+ Kg6 52.Re8 Bb2 53.Re6+ Kf7 54.
Nd6+ Kf8 55.Kf5 Rc3 56.Re8+ Kg7 57.Re7+ Kf8 58.Rxb7 Rf3+ 59.Ke6 Rh3 60.Nf5
Kg8 61.d6 Rd3 1-0

[Event "46th POL-ch (w)"]
[Site "Gdansk POL"]
[Date "1994.03.??"]
[Round "11"]
[White "Leszner, Liliana"]
[Black "Krynicka, Jolanta"]
[Result "1-0"]
[WhiteElo "2190"]
[BlackElo "2150"]
[EventDate "1994.03.13"]
[PlyCount "111"]

1.e4 e5 2.Nf3 Nf6 3.Nxe5 d6 4.Nc4 Nxe4 5.d4 d5 6.Ne3 Be6 7.Nd2 Nxd2 8.Bxd2
Nd7 9.Bd3 Bd6 10.O-O Qh4 11.g3 Qxd4 12.Bc3 Qb6 13.Bxg7 Rg8 14.Bh6 O-O-O 
15.Qh5 Qxb2 16.Nxd5 Qd4 17.Ne3 Nf6 18.Qf3 Ng4 19.Nxg4 Qxg4 20.Qe3 Kb8 21.
Rfb1 Bd5 22.Re1 Bc6 23.Be2 Qh3 24.Bf1 Qh5 25.Bg2 Bxg2 26.Kxg2 Bc5 27.Qf4 
Bd6 28.Qf6 Rde8 29.Bf4 Qd5+ 30.Kg1 Bxf4 31.Qxf4 Rxe1+ 32.Rxe1 Qxa2 33.Qe4 
Rd8 34.Qxh7 Qd5 35.Re7 Qd1+ 36.Kg2 Qd5+ 37.Qe4 Qxe4+ 38.Rxe4 a5 39.Rf4 Rd7
40.h4 b5 41.h5 Kb7 42.h6 f6 43.Rxf6 a4 44.g4 a3 45.Rf3 b4 46.Rh3 Rd1 47.h7
a2 48.h8=Q a1=Q 49.Qxa1 Rxa1 50.g5 c5 51.g6 Ra8 52.f4 Kc6 53.f5 Rg8 54.Kf3
Kd5 55.Kf4 c4 56.Kg5 1-0

[Event "46th POL-ch (w)"]
[Site "Gdansk POL"]
[Date "1994.03.??"]
[Round "11"]
[White "Lewandowska, Katarzyna"]
[Black "Guzkowska, Magdalena"]
[Result "1/2-1/2"]
[WhiteElo "2130"]
[BlackElo "2105"]
[EventDate "1994.03.13"]
[PlyCount "85"]

1.d4 Nf6 2.Nf3 c5 3.d5 d6 4.Nc3 g6 5.e4 Bg7 6.Be2 O-O 7.O-O Na6 8.h3 Nc7 
9.a4 b6 10.Bf4 a6 11.Bc4 Rb8 12.Qd3 b5 13.axb5 axb5 14.Nxb5 Nxb5 15.Bxb5 
Nxe4 16.c4 Bf5 17.Qe2 Nf6 18.Ra7 Bd7 19.Bc6 Re8 20.Ng5 Bxc6 21.dxc6 Rc8 
22.Ra6 Rc7 23.Rfa1 Qc8 24.Ra7 h6 25.Ne4 Nh5 26.Bh2 Rxa7 27.Rxa7 Qxc6 28.
Nc3 Ra8 29.Qxe7 Rxa7 30.Qxa7 Qe8 31.g4 Qe1+ 32.Kg2 Bd4 33.Qa8+ Kg7 34.Qf3 
Nf6 35.Bxd6 Qe6 36.Bg3 Qxc4 37.Bf4 Qb3 38.Bxh6+ Kxh6 39.g5+ Kg7 40.gxf6+ 
Bxf6 41.Ne4 Qxf3+ 42.Kxf3 Bxb2 43.Nxc5 1/2-1/2

[Event "46th POL-ch (w)"]
[Site "Gdansk POL"]
[Date "1994.03.??"]
[Round "11"]
[White "Zielinska, Marta"]
[Black "Bobrowska, Monika"]
[Result "1/2-1/2"]
[WhiteElo "2170"]
[BlackElo "2165"]
[EventDate "1994.03.13"]
[PlyCount "92"]

1.d4 Nf6 2.Nf3 g6 3.Bf4 Bg7 4.e3 O-O 5.Be2 d6 6.h3 b6 7.O-O Bb7 8.Nbd2 
Nbd7 9.Bh2 Re8 10.c3 e5 11.Rc1 Qe7 12.a4 a5 13.Nc4 Ne4 14.Qc2 Ng5 15.Ncd2 
Ne6 16.Rfd1 f5 17.dxe5 Nxe5 18.Nd4 Nc5 19.b4 Ne4 20.N2f3 Ng5 21.Nxg5 Qxg5 
22.Bf1 Qe7 23.Bb5 Rec8 24.Bxe5 Bxe5 25.Bc6 Bxc6 26.Nxc6 Qe8 27.b5 Qf7 28.
Qd3 Re8 29.Qd5 Qxd5 30.Rxd5 Bf6 31.g3 Re4 32.c4 Rf8 33.Rc2 Bg7 34.h4 h6 
35.Kg2 Kh7 36.Nd4 Bxd4 37.Rxd4 Re7 38.Rcd2 g5 39.hxg5 hxg5 40.g4 Kg6 41.
Kg3 Rh7 42.gxf5+ Rxf5 43.Kg2 Re5 44.Rg4 Kf5 45.Rgd4 Kg6 46.Rg4 Kf5 1/2-1/2

[Event "46th POL-ch (w)"]
[Site "Gdansk POL"]
[Date "1994.03.??"]
[Round "12"]
[White "Bednarska, Malgorzata"]
[Black "Kaczorowska, Barbara"]
[Result "1/2-1/2"]
[WhiteElo "2235"]
[BlackElo "2235"]
[EventDate "1994.03.13"]
[PlyCount "107"]

1.e4 c6 2.d4 d5 3.exd5 cxd5 4.c4 Nf6 5.Nc3 Nc6 6.Bg5 dxc4 7.d5 Ne5 8.Qd4 
Nd3+ 9.Bxd3 cxd3 10.Nf3 e6 11.O-O-O Be7 12.Rxd3 exd5 13.Re1 Be6 14.Qa4+ 
Qd7 15.Qxd7+ Kxd7 16.Ne5+ Kd8 17.Kd1 Re8 18.Bxf6 Bxf6 19.Nxd5 Bxd5 20.
Rxd5+ Kc7 21.Rd7+ Kb6 22.Nc4+ Ka6 23.Rxe8 Rxe8 24.Nd6 Re5 25.Nxf7 Ra5 26.
Nd8 Rxa2 27.Nxb7 Rxb2 28.Nc5+ Kb5 29.Ne4 Kc6 30.Rxa7 Bd4 31.Rf7 Kd5 32.Nd2
Ke6 33.Rf3 Ra2 34.h3 g6 35.Ke2 Bb6 36.Rd3 h5 37.g3 g5 38.Kf3 g4+ 39.hxg4 
hxg4+ 40.Ke2 Ke5 41.f3 gxf3+ 42.Kxf3 Ra4 43.Rb3 Bc7 44.Rb7 Bd6 45.Rb5+ Ke6
46.Rb6 Ra3+ 47.Nb3 Kf5 48.g4+ Kg5 49.Rb5+ Kf6 50.Ke4 Ra4+ 51.Nd4 Bc7 52.
Rf5+ Kg6 53.Rd5 Bb8 54.Kf3 1/2-1/2

[Event "46th POL-ch (w)"]
[Site "Gdansk POL"]
[Date "1994.03.??"]
[Round "12"]
[White "Blimke, Dalia"]
[Black "Lewandowska, Katarzyna"]
[Result "1/2-1/2"]
[WhiteElo "2085"]
[BlackElo "2130"]
[EventDate "1994.03.13"]
[PlyCount "95"]

1.e4 c5 2.Nf3 Nc6 3.d4 cxd4 4.Nxd4 Nf6 5.Nc3 e5 6.Ndb5 d6 7.Bg5 a6 8.Na3 
b5 9.Nd5 Be7 10.Bxf6 Bxf6 11.c4 Qa5+ 12.Qd2 b4 13.Nc2 Rb8 14.b3 Bd8 15.Be2
Qc5 16.O-O O-O 17.Rad1 Be6 18.Kh1 f5 19.exf5 Bxf5 20.Nde3 Be7 21.Nxf5 Rxf5
22.Bf3 Nd4 23.Nxd4 Qxd4 24.Qxd4 exd4 25.Rxd4 Ra5 26.Bd5+ Kf8 27.Rd2 Bf6 
28.Be4 g6 29.Rxd6 Bc3 30.Bb1 Re8 31.g3 Re2 32.Kg2 Ke7 33.Rb6 Kf7 34.Rb7+ 
Re7 35.Rb6 Re2 36.Rd1 Rae5 37.Rd7+ Re7 38.Rxe7+ Kxe7 39.Rxa6 Bd4 40.Kh3 
Rxf2 41.Ra4 Bc5 42.Ra5 Kd6 43.Ra8 Rb2 44.Be4 Bg1 45.c5+ Kxc5 46.Rc8+ Kd6 
47.Rc2 Rxc2 48.Bxc2 1/2-1/2

[Event "46th POL-ch (w)"]
[Site "Gdansk POL"]
[Date "1994.03.??"]
[Round "12"]
[White "Henc, Renata"]
[Black "Grochot, Czeslawa"]
[Result "1-0"]
[WhiteElo "2210"]
[BlackElo "2170"]
[EventDate "1994.03.13"]
[PlyCount "65"]

1.d4 d6 2.Nf3 Nf6 3.Bg5 Nbd7 4.e3 c6 5.Nbd2 h6 6.Bh4 g5 7.Bg3 Nh5 8.Bd3 
Nxg3 9.hxg3 Bg7 10.c3 e6 11.Qe2 Qe7 12.Rd1 b5 13.e4 a6 14.e5 d5 15.Nh2 c5 
16.O-O c4 17.Bb1 h5 18.f4 g4 19.f5 exf5 20.Bxf5 Nf8 21.Rde1 Ne6 22.Rf2 Bd7
23.Nhf1 Bh6 24.Ne3 Bxe3 25.Qxe3 O-O-O 26.b3 Rdg8 27.bxc4 bxc4 28.Rb1 h4 
29.Nxc4 dxc4 30.Qe4 Kd8 31.Rb8+ Bc8 32.Rfb2 hxg3 33.Rxc8+ 1-0

[Event "46th POL-ch (w)"]
[Site "Gdansk POL"]
[Date "1994.03.??"]
[Round "12"]
[White "Guzkowska, Magdalena"]
[Black "Zielinska, Marta"]
[Result "1/2-1/2"]
[WhiteElo "2105"]
[BlackElo "2170"]
[EventDate "1994.03.13"]
[PlyCount "158"]

1.d4 Nf6 2.c4 g6 3.Nc3 Bg7 4.e4 d6 5.Bg5 h6 6.Bh4 O-O 7.f4 c5 8.d5 Qa5 9.
Qd2 a6 10.Bd3 b5 11.Nf3 Bg4 12.O-O Nbd7 13.Rae1 bxc4 14.Bb1 Nb6 15.e5 Nfd7
16.Bxe7 Bxf3 17.Bxf8 Rxf8 18.Rxf3 dxe5 19.f5 e4 20.Rxe4 Nf6 21.Re2 g5 22.
d6 Rd8 23.Nd5 Qb5 24.Ne7+ Kh7 25.h4 g4 26.Rg3 c3 27.Rxc3 Rxd6 28.Qe1 Qd7 
29.Bc2 c4 30.b3 Rd4 31.Qc1 Bf8 32.Qe1 Bg7 33.bxc4 Nxc4 34.Bb3 Na5 35.Rc1 
Nxb3 36.axb3 h5 37.Nc6 Rd3 38.Re7 Qd5 39.Qe5 Rd1+ 40.Rxd1 Qxd1+ 41.Qe1 
Qxb3 42.Ne5 Qb6+ 43.Kh1 Qd4 44.Nxf7 g3 45.Ng5+ Kh6 46.Qxg3 Ng4 47.Re6+ Bf6
48.Nh3 Qd1+ 49.Qe1 Qd3 50.Qc1+ Kg7 51.Rb6 Qxf5 52.Qa3 Kg8 53.Qb3+ Kh8 54.
Rb8+ Kg7 55.Qb7+ Kh6 56.Qxa6 Nf2+ 57.Nxf2 Qxf2 58.Rh8+ Kg7 59.Rxh5 Qe1+ 
60.Kh2 Be5+ 61.Rxe5 Qxe5+ 62.g3 Qf5 63.Qb7+ Kh6 64.Qc6+ Kh7 65.Qc7+ Kh8 
66.Qf4 Qc2+ 67.Kh3 Qc8+ 68.g4 Qc3+ 69.Qg3 Qc1 70.Qe5+ Kh7 71.Qh5+ Kg7 72.
Qg5+ Qxg5 73.hxg5 Kh7 74.Kg3 Kg7 75.Kf4 Kg6 76.Kf3 Kxg5 77.Kg3 Kg6 78.Kf4 
Kf6 79.g5+ Kg6 1/2-1/2

[Event "46th POL-ch (w)"]
[Site "Gdansk POL"]
[Date "1994.03.??"]
[Round "12"]
[White "Lukasiewicz, Anna"]
[Black "Bobrowska, Monika"]
[Result "1/2-1/2"]
[WhiteElo "2170"]
[BlackElo "2165"]
[EventDate "1994.03.13"]
[PlyCount "108"]

1.e4 e6 2.d4 d5 3.exd5 exd5 4.Nf3 Bg4 5.Bd3 Nc6 6.c3 Bd6 7.O-O Qd7 8.Re1+ 
Nge7 9.Nbd2 O-O-O 10.b4 Rdg8 11.b5 Nd8 12.Qa4 Kb8 13.Ne5 Bxe5 14.dxe5 h5 
15.Nb3 Ne6 16.Be3 b6 17.Qb4 Bf5 18.Bf1 c5 19.bxc6 Nxc6 20.Qa4 Nxe5 21.Bb5 
Qc7 22.Nd4 Nxd4 23.Qxd4 g5 24.f3 f6 25.a4 Bd7 26.Bxd7 Qxd7 27.a5 Nc6 28.
Qxf6 Rh7 29.axb6 a5 30.Bxg5 Rf7 31.Bf4+ Kb7 32.Qh4 Qf5 33.g3 Qxf4 34.Qxf4 
Rxf4 35.Kf2 Rf6 36.Red1 Rf5 37.Rab1 Rgf8 38.f4 Re8 39.Rb5 a4 40.c4 Ne7 41.
cxd5 Rd8 42.Ra5 Kxb6 43.Rxa4 Rfxd5 44.Rxd5 Rxd5 45.Re4 Nc6 46.Kg2 Kc7 47.
Kh3 Kd7 48.Kh4 Ne7 49.Re2 Ng6+ 50.Kh3 Rc5 51.Kg2 Rb5 52.Kf3 Ra5 53.h3 Ra3+
54.Re3 Rxe3+ 1/2-1/2

[Event "46th POL-ch (w)"]
[Site "Gdansk POL"]
[Date "1994.03.??"]
[Round "12"]
[White "Sadkiewicz, Joanna"]
[Black "Leszner, Liliana"]
[Result "1/2-1/2"]
[WhiteElo "2225"]
[BlackElo "2190"]
[EventDate "1994.03.13"]
[PlyCount "146"]

1.e4 d6 2.d4 g6 3.Nc3 Bg7 4.Nf3 c6 5.Be2 Nf6 6.O-O O-O 7.Bf4 Nbd7 8.a4 Qa5
9.h3 e5 10.Be3 Re8 11.dxe5 dxe5 12.Nd2 Qc7 13.Nc4 Bf8 14.Bg5 Re6 15.f4 b5 
16.f5 gxf5 17.exf5 Re8 18.axb5 cxb5 19.Ne3 Qc5 20.Kh1 b4 21.Ncd5 Nxd5 22.
Qxd5 Nb6 23.Qxc5 Bxc5 24.Ng4 Be7 25.Nh6+ Kf8 26.f6 Bc5 27.Nxf7 Bb7 28.Bh5 
Bd5 29.Bh6+ Kg8 30.Ng5 Red8 31.Ra5 Bf8 32.Rxd5 Rxd5 33.Bf7+ Kh8 34.Bxd5 
Nxd5 35.Bxf8 Rxf8 36.f7 Nc7 37.Rf6 Kg7 38.Rc6 h6 39.Nf3 Rxf7 40.Nxe5 Re7 
41.Nd3 Nd5 42.Rd6 Ne3 43.Nxb4 Rb7 44.c3 Nc4 45.Ra6 Nxb2 46.Kh2 Nd1 47.Nd5 
Rd7 48.c4 Nb2 49.Ne3 Rf7 50.g4 h5 51.Nf5+ Kf8 52.Rh6 Kg8 53.Rxh5 Rc7 54.
Rg5+ Kf8 55.Nd6 Rc6 56.c5 a5 57.h4 a4 58.Nb5 Nc4 59.Rf5+ Kg8 60.h5 a3 61.
Nc3 Kh7 62.Kg3 Ne3 63.Re5 Nc4 64.Rd5 Ne3 65.Rd3 Nc4 66.Rd7+ Kg8 67.Ra7 
Rxc5 68.Ra4 Nd6 69.Nb1 Nb5 70.Kh4 Rc1 71.Nxa3 Ra1 72.Ra8+ Kh7 73.Rb8 Nxa3 
1/2-1/2

[Event "46th POL-ch (w)"]
[Site "Gdansk POL"]
[Date "1994.03.??"]
[Round "12"]
[White "Krynicka, Jolanta"]
[Black "Dabrowska, Krystyna"]
[Result "1-0"]
[WhiteElo "2150"]
[BlackElo "2300"]
[EventDate "1994.03.13"]
[PlyCount "121"]

1.Nf3 Nf6 2.g3 b6 3.Bg2 Bb7 4.O-O e6 5.d3 d5 6.Nbd2 Nbd7 7.c4 Be7 8.b3 O-O
9.Bb2 c5 10.d4 Rc8 11.Rc1 Qc7 12.b4 Qb8 13.bxc5 bxc5 14.Ba3 Rfd8 15.cxd5 
Bxd5 16.Nb3 Bf8 17.Nfd2 Bxg2 18.Kxg2 Qb7+ 19.Kg1 Qa6 20.Bxc5 Nxc5 21.dxc5 
Ne4 22.Rc2 Nxc5 23.Qc1 Nd7 24.Nf3 Rxc2 25.Qxc2 Rc8 26.Qd2 Nf6 27.Ne5 Qb5 
28.Nd3 Qa4 29.Rc1 Rxc1+ 30.Ndxc1 g6 31.Qc3 Ne4 32.Qe3 Be7 33.Qf4 Bg5 34.
Qb8+ Kg7 35.Qe5+ Bf6 36.Qa5 Qd7 37.Nd3 Nc3 38.Kf1 Qb7 39.f3 Qd7 40.Kf2 
Nd1+ 41.Kf1 Bc3 42.Qc5 Qa4 43.Nf2 Qd7 44.Ne4 Bb2 45.Ke1 f5 46.Ned2 Nc3 47.
Qe5+ Kf7 48.Qh8 Qa4 49.Qxh7+ Kf6 50.Kf2 Qxa2 51.Nc5 Nd1+ 52.Ke1 Ke5 53.
Nd3+ Kd6 54.Kxd1 Bc3 55.Nc4+ Qxc4 56.Qb7 Qa2 57.Qb8+ Kd5 58.Qb5+ Kd6 59.
Qc5+ Kd7 60.Qxc3 a5 61.Ne5+ 1-0

[Event "46th POL-ch (w)"]
[Site "Gdansk POL"]
[Date "1994.03.??"]
[Round "13"]
[White "Kaczorowska, Barbara"]
[Black "Lukasiewicz, Anna"]
[Result "1-0"]
[WhiteElo "2235"]
[BlackElo "2170"]
[EventDate "1994.03.13"]
[PlyCount "65"]

1.Nf3 Nf6 2.d4 g6 3.Bf4 Bg7 4.h3 O-O 5.e3 c5 6.c3 b6 7.Be2 d6 8.O-O Bb7 9.
Nbd2 Nbd7 10.Rc1 Rc8 11.Qb3 Rc7 12.Rfd1 Qa8 13.Bh2 Ne4 14.Nxe4 Bxe4 15.d5 
b5 16.Bxb5 c4 17.Bxc4 Rb8 18.Bb5 a6 19.a4 axb5 20.axb5 Rc5 21.c4 Bxf3 22.
gxf3 Rbc8 23.Rc2 Nb6 24.Rdc1 Qb7 25.Qd3 Qd7 26.b4 R5c7 27.c5 dxc5 28.bxc5 
Nxd5 29.c6 Qe6 30.Bxc7 Rxc7 31.b6 Nxb6 32.Qd8+ Bf8 33.Qxc7 1-0